Lí luận dạy học sinh học Phần đại cương
Guardado en:
| Autor principal: | |
|---|---|
| Formato: | Libro |
| Publicado: |
H.
Giáo dục
1996
|
| Edición: | Tái bản lần thứ tư |
| Etiquetas: |
Agregar Etiqueta
Sin Etiquetas, Sea el primero en etiquetar este registro!
|
| Thư viện lưu trữ: | Trung tâm Học liệu Lê Vũ Hùng, Trường Đại học Đồng Tháp |
|---|
| LEADER | 00643pam a22001818a 4500 | ||
|---|---|---|---|
| 001 | 00039177 | ||
| 005 | 20171026081025.0 | ||
| 008 | 170518s1996 ||||||Viesd | ||
| 041 | 0 | # | |a Vie |
| 082 | 1 | 4 | |b L302L |a 570.7 |
| 100 | 1 | # | |a Đinh, Quang Báo |
| 245 | 1 | 0 | |a Lí luận dạy học sinh học |b Phần đại cương |c Đinh Quang Báo chủ biên, Nguyễn Đức Thành |
| 250 | # | # | |a Tái bản lần thứ tư |
| 260 | # | # | |a H. |b Giáo dục |c 1996 |
| 300 | # | # | |a 200 tr. |c 27 cm |
| 852 | # | # | |b Kho đọc |j KD.1000811 |
| 910 | |d 18/05/2017 | ||
| 980 | # | # | |a Trung tâm Học liệu Lê Vũ Hùng, Trường Đại học Đồng Tháp |